Laboratory manual in physics/ (Record no. 88302)
[ view plain ]
| 000 -LEADER | |
|---|---|
| fixed length control field | 00618nam a22002177a 4500 |
| 003 - CONTROL NUMBER IDENTIFIER | |
| control field | URS |
| 005 - DATE AND TIME OF LATEST TRANSACTION | |
| control field | 20260216154620.0 |
| 008 - FIXED-LENGTH DATA ELEMENTS--GENERAL INFORMATION | |
| fixed length control field | 251007b ||||| |||| 00| 0 eng d |
| 020 ## - INTERNATIONAL STANDARD BOOK NUMBER | |
| International Standard Book Number | 978-621-409-309-0 |
| 040 ## - CATALOGING SOURCE | |
| Transcribing agency | URS |
| 050 ## - LIBRARY OF CONGRESS CALL NUMBER | |
| Classification number | QC37 |
| Item number | .G939 2025 |
| 100 ## - MAIN ENTRY--PERSONAL NAME | |
| Personal name | Guevarra, Susan C. |
| 245 ## - TITLE STATEMENT | |
| Title | Laboratory manual in physics/ |
| Statement of responsibility, etc. | Susan C. Guevarra |
| 264 ## - PRODUCTION, PUBLICATION, DISTRIBUTION, MANUFACTURE, AND COPYRIGHT NOTICE | |
| Place of production, publication, distribution, manufacture | Quezon, City: |
| Name of producer, publisher, distributor, manufacturer | Books Atbp. Publishing Corp. |
| Date of production, publication, distribution, manufacture, or copyright notice | ©2025 |
| 300 ## - PHYSICAL DESCRIPTION | |
| Extent | 252 pages.,: |
| Dimensions | 22 cm. |
| 336 ## - CONTENT TYPE | |
| Source | rdacontent |
| Content type term | text |
| 337 ## - MEDIA TYPE | |
| Source | rdamedia |
| Media type term | unmediated |
| 338 ## - CARRIER TYPE | |
| Source | rdacarrier |
| Carrier type term | volume |
| 650 #0 - SUBJECT ADDED ENTRY--TOPICAL TERM | |
| Topical term or geographic name entry element | Physics |
| General subdivision | Laboratory manuals |
| 942 ## - ADDED ENTRY ELEMENTS (KOHA) | |
| Source of classification or shelving scheme | Library of Congress Classification |
| Koha item type | Filipiniana |
| Withdrawn status | Source of classification or shelving scheme | Damaged status | Not for loan | Collection code | Home library | Current library | Date acquired | Total Checkouts | Full call number | Barcode | Date last seen | Copy number | Price effective from | Koha item type | Shelving location | Source of acquisition |
|---|---|---|---|---|---|---|---|---|---|---|---|---|---|---|---|---|
| Library of Congress Classification | Non-fiction | Cainta College Library | Cainta College Library | 02/11/2026 | QC 37 .G9392 2025 | URSCAI-4938 | 02/11/2026 | 02/11/2026 | Reference | Reference | Purchased | |||||
| Library of Congress Classification | Non-fiction | Cainta College Library | Cainta College Library | 02/11/2026 | QC 37 .G9392 2025 | URSCAI-4939 | 02/11/2026 | 02/11/2026 | Reference | Reference | Purchased | |||||
| Library of Congress Classification | Non-fiction | Morong College Library | Morong College Library | 10/07/2025 | QC37 .G939 2025 | URSMOR-CL-30668 | 10/07/2025 | 1 | 10/07/2025 | Filipiniana | ||||||
| Library of Congress Classification | Non-fiction | Morong College Library | Morong College Library | 10/07/2025 | QC37 .G939 2025 | URSMOR-CL-30669 | 10/07/2025 | 2 | 10/07/2025 | Filipiniana | ||||||
| Library of Congress Classification | Non-fiction | Morong College Library | Morong College Library | 10/07/2025 | QC37 .G939 2025 | URSMOR-CL-30670 | 10/07/2025 | 3 | 10/07/2025 | Filipiniana | ||||||
| Library of Congress Classification | Non-fiction | Morong College Library | Morong College Library | 10/07/2025 | QC37 .G939 2025 | URSMOR-CL-30671 | 10/07/2025 | 4 | 10/07/2025 | Filipiniana | ||||||
| Library of Congress Classification | Non-fiction | Morong College Library | Morong College Library | 10/07/2025 | QC37 .G939 2025 | URSMOR-CL-30672 | 10/07/2025 | 5 | 10/07/2025 | Filipiniana |